Crecimiento económico (Registro nro. 333)

Detalles MARC
000 -LEADER
fixed length control field 01335 a2200253 4500
001 - CONTROL NUMBER
control field 3446
005 - DATE AND TIME OF LATEST TRANSACTION
control field 20260407155429.0
008 - FIXED-LENGTH DATA ELEMENTS--GENERAL INFORMATION
fixed length control field 260407a2006 arg spa d
003 - CONTROL NUMBER IDENTIFIER
control field AR-UNSa-BCEJYS
040 ## - CATALOGING SOURCE
Original cataloging agency AR-UNSa-BCEJYS
Language of cataloging spa
Transcribing agency AR-UNSa-BCEJYS
080 ## - UNIVERSAL DECIMAL CLASSIFICATION NUMBER
Universal Decimal Classification number 330.35
Common auxiliary subdivision Crecimiento económico
020 ## - INTERNATIONAL STANDARD BOOK NUMBER
International Standard Book Number 978-84-7829-079-6
041 ## - LANGUAGE CODE
Language code of text/sound track or separate title spa
100 1# - MAIN ENTRY--PERSONAL NAME
Personal name Weil, David N.
245 10 - TITLE STATEMENT
Title Crecimiento económico
264 #1 - PRODUCTION, PUBLICATION, DISTRIBUTION, MANUFACTURE, AND COPYRIGHT NOTICE
Place of production, publication, distribution, manufacture Madrid :
Name of producer, publisher, distributor, manufacturer Pearson Educación
Date of production, publication, distribution, manufacture, or copyright notice 2006
300 ## - PHYSICAL DESCRIPTION
Extent xxv, 571 p.
Dimensions 24 cm.
505 ## - FORMATTED CONTENTS NOTE
Formatted contents note 1. Los hechos - 2. Un marco analítico - 3. El capital físico - 4. La población y el crecimiento económico - 5. Tendencias futuras de la población - 6. El capital humano - 7. Medición de la productividad - 8. El papel de la tecnología en el crecimiento - 9. La vanguardia de la tecnología - 10. La eficiencia - 11. El crecimiento en la economía abierta - 12. El Estado - 13. La desigualdad de la renta - 14. La cultura - 15. La geografía, el clima y los recursos naturales - 16. Los recursos y el medio ambiente mundiales - 17. Qué hemos aprendido y qué nos depara el futuro
590 ## - LOCAL NOTE (RLIN)
Local note niveau_biblio:m niveau_hierar:0
700 1# - ADDED ENTRY--PERSONAL NAME
Personal name Rabasco Espáriz, Esther
700 1# - ADDED ENTRY--PERSONAL NAME
Personal name Toharia, Luis
856 41 - ELECTRONIC LOCATION AND ACCESS
Uniform Resource Identifier <a href="https://biblioeco.unsa.edu.ar/pmb/images/libros/L128446.jpg">https://biblioeco.unsa.edu.ar/pmb/images/libros/L128446.jpg</a>
Link text Imagen de portada
Electronic format type image/jpeg
942 ## - ADDED ENTRY ELEMENTS (KOHA)
Koha item type
Existencias
Withdrawn status Lost status Damaged status Not for loan Home library Current library Shelving location Date acquired Total checkouts Full call number Barcode Date last seen Price effective from Koha item type Public note
        Biblioteca Prof. Eusebio Cleto del Rey Biblioteca Prof. Eusebio Cleto del Rey   07/04/2026   330.35 W422 L118323 07/04/2026 07/04/2026 Libro CANTO MANCHADO - SUBRAYADO C/ LÁPIZ - CANTO SUPERIOR C/ LÁPIZ LEVE
        Biblioteca Prof. Eusebio Cleto del Rey Biblioteca Prof. Eusebio Cleto del Rey   07/04/2026   330.35 W422 L118324 07/04/2026 07/04/2026 Libro LÁPIZ LEVE EN LAS 1RAS HOJAS - PEQUEÑAS MANCHAS PÁG. 19-23
        Biblioteca Prof. Eusebio Cleto del Rey Biblioteca Prof. Eusebio Cleto del Rey   07/04/2026   330.35 W422 L118325 07/04/2026 07/04/2026 Libro MANCHADO C/ MATE EN LAS 1RAS HOJAS - SUBRAYADO C/ LÁPIZ - PEQUEÑAS MANCHAS EN LOS CANTOS
        Biblioteca Prof. Eusebio Cleto del Rey Biblioteca Prof. Eusebio Cleto del Rey   07/04/2026   330.35 W422 L118326 07/04/2026 07/04/2026 Libro SUBRAYADO C/ LÁPIZ LEVE - CANTO MANCHADO - MANCHAS LEVES EN LAS HOJAS
        Biblioteca Prof. Eusebio Cleto del Rey Biblioteca Prof. Eusebio Cleto del Rey   07/04/2026   330.35 W422 L117687 07/04/2026 07/04/2026 Libro  
        Biblioteca Prof. Eusebio Cleto del Rey Biblioteca Prof. Eusebio Cleto del Rey   07/04/2026   330.35 W422 L128446 07/04/2026 07/04/2026 Libro